| 000 | 00588nam a2200169Ia 4500 | ||
|---|---|---|---|
| 008 | 140609s9999 xx 000 0 und d | ||
| 020 | _a9789715537735 | ||
| 050 |
_aQA 303 _b.R934 2011 |
||
| 100 | _aRuivivar, Leonor Aquino. | ||
| 245 |
_aEssential calculus with business applications / _cLeonor Aquino-Ruivivar, Yvette Fajardo-Lim |
||
| 260 |
_aQuezon City, Philippines : _bAbiva Publishing House, Inc., _cc2011. |
||
| 300 |
_a485 p. : _bill. ; _c26 cm. |
||
| 500 | _aIncludes glossary, bibliographical references and index. | ||
| 521 | _aBSBA | ||
| 942 |
_kLOC _cBK |
||
| 999 |
_c118214 _d118214 |
||